Districts in Aksaray - Statistics

General Stats
  • This quiz has been taken 3 times
  • The average score is 2 of 8
Answer Stats
District % Correct
Aksaray Merkez
100%
Güzelyurt
33%
Sarıyahşi
33%
Ağaçören
0%
Eskil
0%
Gülağaç
0%
Ortaköy
0%
Sultanhanı
0%
No matching quizzes found
Score Distribution
Percent of People with Each Score
Percentile by Number Answered
Your Score History
You have not taken this quiz